[Event "zonal 3.1 (w)"]
[Site "Sharjah UAE"]
[Date "2011.07.05"]
[Round "1"]
[White "Al-Rufei, Eman Hassane"]
[Black "Dahdal, Lugain"]
[Result "1-0"]
[WhiteElo "2160"]
[BlackElo "1882"]
[EventDate "2011.07.05"]
[Board "1"]
[PlyCount "135"]
[EventRounds "9"]
[EventCountry "UAE"]

1.e4 c5 2.b3 d6 3.Nc3 g6 4.Bb2 Bg7 5.f4 Nf6 6.Bb5+ Bd7 7.Bxd7+ Nbxd7 8.Qe2
O-O 9.Nf3 a6 10.e5 Nh5 11.g3 b5 12.Qe3 Bh6 13.e6 Ndf6 14.Ng5 Bxg5 15.fxg5 
Ng4 16.Qe2 Ne5 17.O-O-O fxe6 18.d4 cxd4 19.Rxd4 Qb6 20.Nd1 Ng7 21.Re4 Nc6 
22.Ne3 a5 23.Ng4 e5 24.Nh6+ Kh8 25.Qd3 Nb4 26.Qe2 Rf2 27.Rxe5 Rxe2 28.Rxe2
e5 29.Rd1 Qc6 30.Rxd6 Qh1+ 31.Kd2 Nxc2 32.Kxc2 Rc8+ 33.Kd2 Qb1 34.Ke3 Nf5+
35.Nxf5 Qxf5 36.Rf2 Qxg5+ 37.Kd3 Qe7 38.Rd5 Kg8 39.Rxe5 Qd6+ 40.Ke4 Qc6+ 
41.Ke3 a4 42.h4 Qb6+ 43.Bd4 Qb7 44.h5 Rf8 45.Rxf8+ Kxf8 46.Bc5+ Kf7 47.
Re7+ Qxe7+ 48.Bxe7 Kxe7 49.hxg6 hxg6 50.Kd4 axb3 51.axb3 Kd6 52.b4 g5 53.
g4 Ke6 54.Kc5 Ke5 55.Kxb5 Kf4 56.Kc4 Kxg4 57.b5 Kh3 58.b6 g4 59.b7 g3 60.
b8=Q g2 61.Qb6 Kh2 62.Qf2 Kh1 63.Qh4+ Kg1 64.Kd3 Kf1 65.Qf4+ Kg1 66.Ke2 
Kh1 67.Qh4+ Kg1 68.Kf3 1-0

[Event "zonal 3.1 (w)"]
[Site "Sharjah UAE"]
[Date "2011.07.05"]
[Round "1"]
[White "Mir Mahmoud, Afamia"]
[Black "Al-Zarouni, Kholoud Essa"]
[Result "0-1"]
[WhiteElo "1993"]
[BlackElo "1853"]
[EventDate "2011.07.05"]
[Board "2"]
[PlyCount "74"]
[EventRounds "9"]
[EventCountry "UAE"]

1.d4 d5 2.Nf3 Nf6 3.c4 c6 4.Nc3 dxc4 5.a4 Bf5 6.e3 e6 7.Bxc4 Bb4 8.O-O 
Nbd7 9.Qe2 Bg6 10.e4 O-O 11.e5 Nd5 12.Ne4 h6 13.Rd1 Qe7 14.Ng3 N7b6 15.Bd3
Bxd3 16.Qxd3 c5 17.Qe4 cxd4 18.Nxd4 Rfc8 19.Qg4 Kh8 20.Nh5 Qf8 21.Rd3 Rc4 
22.b3 Rc3 23.Rxc3 Bxc3 24.Ba3 Bb4 25.Bxb4 Nxb4 26.Rc1 N6d5 27.Rc4 g6 28.
Ng3 a6 29.Ne4 Nb6 30.Rc3 N4d5 31.Rf3 Qa3 32.Rd3 Rc8 33.h4 Rc1+ 34.Kh2 Nc4 
35.Nxe6 Nxe5 36.Qg3 Qa1 37.Qh3 Rh1+ 0-1

[Event "zonal 3.1 (w)"]
[Site "Sharjah UAE"]
[Date "2011.07.05"]
[Round "1"]
[White "Ghaderpour, Shayesteh"]
[Black "Hakimifard, Ghazal"]
[Result "1/2-1/2"]
[WhiteElo "2246"]
[BlackElo "2197"]
[EventDate "2011.07.05"]
[Board "3"]
[PlyCount "55"]
[EventRounds "9"]
[EventCountry "UAE"]

1.d4 Nf6 2.c4 e6 3.Nf3 b6 4.g3 Bb7 5.Bg2 Be7 6.O-O O-O 7.d5 exd5 8.Nh4 c6 
9.cxd5 Nxd5 10.Nf5 Nc7 11.e4 d5 12.Nc3 Bf6 13.exd5 cxd5 14.Bf4 Nba6 15.Re1
Bc8 16.Nd6 Be6 17.Nxd5 Bxd5 18.Bxd5 Nxd5 19.Qxd5 Bxb2 20.Rad1 Nc5 21.Re8 
Rxe8 22.Qxf7+ Kh8 23.Qc4 Qf6 24.Nf7+ Kg8 25.Nh6+ Kh8 26.Nf7+ Kg8 27.Nh6+ 
Kh8 28.Nf7+ 1/2-1/2

[Event "zonal 3.1 (w)"]
[Site "Sharjah UAE"]
[Date "2011.07.05"]
[Round "1"]
[White "Saleh, Nora Mohd"]
[Black "Nouman, Amna"]
[Result "1-0"]
[WhiteElo "1911"]
[BlackElo "1725"]
[EventDate "2011.07.05"]
[Board "4"]
[PlyCount "129"]
[EventRounds "9"]
[EventCountry "UAE"]

1.d4 d5 2.c4 e6 3.Nc3 Nf6 4.cxd5 exd5 5.Bg5 Nbd7 6.e3 Be7 7.Qc2 c6 8.Nf3 
O-O 9.Bd3 Re8 10.O-O Nf8 11.Bxf6 Bxf6 12.b4 Bg4 13.Nd2 Be7 14.Rab1 a6 15.
a4 Rc8 16.Bf5 Bxf5 17.Qxf5 Ng6 18.Rfc1 Bd6 19.Ne2 Ne7 20.Qd3 g6 21.Qc3 Nf5
22.Ng3 Nxg3 23.hxg3 h5 24.Nf3 Qf6 25.Qd3 g5 26.b5 axb5 27.axb5 h4 28.gxh4 
gxh4 29.Qd1 h3 30.Ne5 Qg5 31.Qg4 Qg7 32.Qxg7+ Kxg7 33.Nd3 hxg2 34.Kxg2 Rh8
35.bxc6 bxc6 36.Rb6 Rh2+ 37.Kf3 Rh6 38.Rcxc6 Rxc6 39.Rxc6 Rf6+ 40.Ke2 Re6 
41.Rb6 Rh6 42.Ra6 Rg6 43.Ra8 Rh6 44.Ra5 Rh5 45.Rb5 Kf6 46.Rb6 Ke7 47.Ra6 
Rh8 48.Ra5 Ke6 49.Nb2 Rb8 50.Nd1 Rc8 51.Rb5 Rc4 52.Kd3 Ra4 53.Ke2 Rc4 54.
Rb6 Ke7 55.Kf3 Rc1 56.Nb2 Rc7 57.Nd3 Rc3 58.Nf4 Bxf4 59.Kxf4 Rc7 60.Ke5 
Rd7 61.Ra6 f6+ 62.Rxf6 Rb7 63.Rh6 Rb2 64.f4 Rb5 65.f5 1-0

[Event "zonal 3.1 (w)"]
[Site "Sharjah UAE"]
[Date "2011.07.06"]
[Round "2"]
[White "Nouman, Amna"]
[Black "Mouradian, Knarik"]
[Result "0-1"]
[WhiteElo "1725"]
[BlackElo "2186"]
[EventDate "2011.07.05"]
[Board "2"]
[PlyCount "0"]
[EventRounds "9"]
[EventCountry "UAE"]

1.e4 d6 2.d4 g6 3.g3 Bg7 4.Bg2 Nd7 5.Ne2 e5 6.Be3 Ngf6 7.h3 O-O 8.O-O exd4
9.Bxd4 Re8 10.Nbc3 Nf8 11.Qd2 Bd7 12.g4 Ne6 13.Be3 h5 14.f3 Kh7 15.Rad1 
Rh8 16.e5 Ne8 17.f4 hxg4 18.hxg4 Qh4 19.f5 Bxe5 20.Rf3 Bh2+ 21.Kf1 Qxg4 
22.fxe6 Bxe6 23.Nf4 Bc4+ 24.Nce2 Nf6 25.Qd4 Bxe2+ 26.Nxe2 Be5 27.Qxg4 Nxg4
28.Bg1 Kg7 29.c3 Rae8 30.Nd4 f5 31.Rh3 c6 32.Nf3 Rxh3 33.Bxh3 Nf6 34.Bxa7 
Ra8 35.Bd4 Bxd4 36.Rxd4 Rxa2 37.Rxd6 Rxb2 38.Ng5 Nd5 39.Ne6+ Kf7 40.Ng5+ 
Kg7 41.Ne6+ Kf6 42.Nd4+ Kg5 43.Ne2 Kh4 44.Bg2 Ne3+ 45.Kf2 Nxg2 46.Kxg2 
Rxe2+ 47.Kf3 Re4 48.Rxg6 Rc4 49.Rg7 b5 50.Rg8 Kh5 51.Rg2 Rxc3+ 52.Kf4 Rc5 
53.Rg3 b4 54.Rb3 Rb5 0-1

[Event "zonal 3.1 (w)"]
[Site "Sharjah UAE"]
[Date "2011.07.06"]
[Round "2"]
[White "Hakimifard, Ghazal"]
[Black "Saleh, Nora Mohd"]
[Result "1/2-1/2"]
[WhiteElo "2197"]
[BlackElo "1911"]
[EventDate "2011.07.05"]
[Board "3"]
[PlyCount "0"]
[EventRounds "9"]
[EventCountry "UAE"]

1.e4 c5 2.Nf3 d6 3.d4 cxd4 4.Nxd4 Nf6 5.Nc3 a6 6.Be3 e5 7.Nf3 Be7 8.Bc4 
Be6 9.Bb3 Nc6 10.O-O O-O 11.Qe2 Rc8 12.Rfd1 Qc7 13.Bg5 Ne8 14.Qd2 Bxg5 15.
Qxg5 h6 16.Qd2 Bg4 17.Nd5 Qd8 18.Qe3 Nd4 19.Nxd4 Bxd1 20.Nf5 Bg4 21.Nfe7+ 
Kh8 22.Nxc8 Bxc8 23.Rd1 f5 24.exf5 Rxf5 25.Nb6 Bd7 26.Nxd7 Qxd7 27.Qd3 Rf8
28.f3 Qc6 29.c3 Rf6 30.Bc2 g6 31.Qe3 Kg7 32.Be4 Qd7 33.c4 Qc7 34.Rc1 Qc5 
35.Kf2 b6 36.Rd1 Qxc4 37.Qxb6 Qxe4 38.Qa7+ Kg8 39.Re1 Qc2+ 40.Kg3 Qc8 41.
Re4 Rf5 42.h4 Rf7 43.Qe3 Qf5 44.Rb4 Kg7 45.Qb3 Nf6 46.Kh2 Nd7 47.Qd5 Qf6 
48.Rg4 Nf8 49.Qc4 h5 50.Re4 a5 51.Qd5 Qd8 52.Kg3 Qb6 53.b3 Nd7 54.Rc4 Nc5 
55.a3 Qxb3 56.Rxc5 Qe3 57.Qxd6 Qe1+ 58.Kh3 Qh1+ 1/2-1/2

[Event "zonal 3.1 (w)"]
[Site "Sharjah UAE"]
[Date "2011.07.07"]
[Round "3"]
[White "Mir Mahmoud, Afamia"]
[Black "Dahdal, Lugain"]
[Result "1-0"]
[WhiteElo "1993"]
[BlackElo "1882"]
[EventDate "2011.07.05"]
[Board "1"]
[PlyCount "199"]
[EventRounds "9"]
[EventCountry "UAE"]

1.d4 Nf6 2.Nf3 e6 3.c4 d5 4.Nc3 Nbd7 5.Bg5 Bb4 6.Qb3 c5 7.dxc5 Qa5 8.Bxf6 
Nxf6 9.e3 Ne4 10.Rc1 Nxc5 11.Qc2 Qxa2 12.Nd2 Qa5 13.cxd5 Bxc3 14.Qxc3 Qxc3
15.Rxc3 Na4 16.Bb5+ Bd7 17.Bxa4 Bxa4 18.dxe6 fxe6 19.Rc7 g6 20.f3 Bc6 21.
Nc4 O-O 22.Nd6 Rab8 23.Ke2 Rfd8 24.Rd1 Rd7 25.Rxd7 Bxd7 26.e4 Bc6 27.f4 a5
28.Ke3 Kf8 29.g3 Ke7 30.e5 a4 31.Kd4 Ra8 32.Rd3 Ra5 33.Kc4 h6 34.Kb4 Ra8 
35.Rc3 Kd7 36.Nc4 Ra6 37.Rd3+ Ke7 38.Rd6 Ra8 39.Na5 Rb8 40.Rd2 Bd7 41.Rd6 
Rc8 42.Nc4 Be8 43.Rd2 Rc7 44.Nb6 g5 45.fxg5 hxg5 46.Nxa4 Bxa4 47.Kxa4 Rc4+
48.Kb5 Re4 49.Kb6 Rxe5 50.Kxb7 Rb5+ 51.Kc6 Rb3 52.Kc5 Kf6 53.Kc4 Rb8 54.b4
e5 55.b5 Kf5 56.Kc5 e4 57.b6 Rc8+ 58.Kb5 e3 59.Ra2 Ke4 60.b7 Rb8 61.Kc6 
Kf3 62.h4 gxh4 63.gxh4 Rh8 64.h5 e2 65.Rxe2 Kxe2 66.Kb6 Rh6+ 67.Ka7 Rxh5 
68.b8=Q Rh7+ 69.Kb6 Rh6+ 70.Kc5 Rh5+ 71.Kd4 Rh4+ 72.Kc3 Rh3+ 73.Kc2 Kf3 
74.Qe5 Kg4 75.Kd2 Rh5 76.Qe4+ Kg5 77.Qf3 Kg6 78.Qg4+ Rg5 79.Qe6+ Kh5 80.
Ke3 Rg6 81.Qf7 Kg5 82.Qf4+ Kh5 83.Qf5+ Rg5 84.Qf6 Rg6 85.Qf7 Kg5 86.Qf4+ 
Kh5 87.Qf5+ Rg5 88.Qf6 Rg6 89.Qf7 Kg5 90.Ke4 Rf6 91.Qg7+ Rg6 92.Qe7+ Kh6 
93.Kf5 Rg8 94.Qf6+ Kh7 95.Qf7+ Rg7 96.Qh5+ Kg8 97.Kf6 Rg1 98.Qd5+ Kh7 99.
Qe4+ Kg8 100.Qa8+ 1-0

[Event "zonal 3.1 (w)"]
[Site "Sharjah UAE"]
[Date "2011.07.07"]
[Round "3"]
[White "Ghaderpour, Shayesteh"]
[Black "Al-Rufei, Eman Hassane"]
[Result "1-0"]
[WhiteElo "2246"]
[BlackElo "2160"]
[EventDate "2011.07.05"]
[Board "2"]
[PlyCount "105"]
[EventRounds "9"]
[EventCountry "UAE"]

1.e4 e5 2.Nf3 Nc6 3.Bb5 a6 4.Ba4 Nf6 5.O-O Be7 6.Re1 b5 7.Bb3 d6 8.c3 Bg4 
9.d3 O-O 10.Nbd2 Na5 11.Bc2 c5 12.Nf1 Re8 13.Ng3 h6 14.h3 Be6 15.Nh2 d5 
16.Qf3 dxe4 17.dxe4 Qc7 18.Ng4 Nxg4 19.hxg4 Rad8 20.Nf5 Bg5 21.b3 Bxc1 22.
Raxc1 Nc6 23.Qe3 Ne7 24.g3 Bc8 25.b4 c4 26.a4 Nxf5 27.gxf5 Rd6 28.Ra1 Bb7 
29.Re2 Qc6 30.Rb1 Rf6 31.axb5 axb5 32.Qc5 Qxc5 33.bxc5 Ba6 34.Ra1 Ra8 35.
Rd2 Rc6 36.f4 f6 37.fxe5 fxe5 38.Bd1 Kf7 39.Bh5+ Kf6 40.Rda2 Ke7 41.Kf2 
Rf6 42.Ra5 Rc6 43.Kf3 Kf6 44.R1a2 Ke7 45.Kg4 Rf6 46.Rxb5 g6 47.Bxg6 Rxg6+ 
48.fxg6 Bc8+ 49.Kf3 Rxa2 50.g7 Be6 51.Rb8 Rc2 52.c6 h5 53.g4 1-0

[Event "zonal 3.1 (w)"]
[Site "Sharjah UAE"]
[Date "2011.07.07"]
[Round "3"]
[White "Saleh, Nora Mohd"]
[Black "Al-Zarouni, Kholoud Essa"]
[Result "1/2-1/2"]
[WhiteElo "1911"]
[BlackElo "1853"]
[EventDate "2011.07.05"]
[Board "3"]
[PlyCount "62"]
[EventRounds "9"]
[EventCountry "UAE"]

1.e4 g6 2.d4 Bg7 3.Nf3 d6 4.Nc3 Nf6 5.Bd3 c5 6.dxc5 dxc5 7.O-O O-O 8.Qe2 
Nc6 9.h3 e5 10.Rd1 Nd4 11.Nxd4 exd4 12.Bc4 Qe7 13.Nd5 Nxd5 14.Bxd5 Be6 15.
Qc4 Rad8 16.Bxe6 Qxe6 17.Qxe6 fxe6 18.Bg5 Bf6 19.Bxf6 Rxf6 20.a4 e5 21.Kf1
h5 22.f3 Kf7 23.b3 Ke7 24.Ke2 Rfd6 25.Rd2 Ke6 26.Rad1 h4 27.Kf2 g5 28.Ke2 
Ke7 29.Rd3 Ke6 30.Kd2 Kd7 31.Kc1 Kc6 1/2-1/2

[Event "zonal 3.1 (w)"]
[Site "Sharjah UAE"]
[Date "2011.07.07"]
[Round "3"]
[White "Mouradian, Knarik"]
[Black "Hakimifard, Ghazal"]
[Result "0-1"]
[WhiteElo "2186"]
[BlackElo "2197"]
[EventDate "2011.07.05"]
[Board "4"]
[PlyCount "132"]
[EventRounds "9"]
[EventCountry "UAE"]

1.e4 c5 2.Nf3 e6 3.d3 Nc6 4.g3 d6 5.Bg2 Nf6 6.Nbd2 Be7 7.O-O O-O 8.Re1 Qc7
9.Nf1 b6 10.c3 Bb7 11.Be3 Rfe8 12.h4 Rad8 13.Bg5 h6 14.Bd2 Ne5 15.Qe2 Ba6 
16.c4 Bf8 17.N1h2 Nc6 18.g4 h5 19.Bc3 Nxg4 20.Nxg4 hxg4 21.Nh2 e5 22.Qxg4 
Bc8 23.Qg3 Qd7 24.Rf1 Qe6 25.h5 Qh6 26.f4 exf4 27.Rxf4 Qxh5 28.Raf1 Be6 
29.Nf3 Qg6 30.Qh2 Be7 31.Nh4 Bxh4 32.Rxh4 Kf8 33.Rf3 Nd4 34.Bxd4 cxd4 35.
e5 Ke7 36.exd6+ Rxd6 37.Re4 Qg5 38.Rff4 f5 39.Re5 Kf7 40.Rf1 Rdd8 41.Qh3 
Kf6 42.Re2 Bd7 43.Ref2 Rh8 44.Qf3 Rhe8 45.Qd5 Be6 46.Qc6 Qe3 47.Bd5 g6 48.
a4 Re7 49.b4 Kg5 50.Bf3 Rh7 51.a5 bxa5 52.bxa5 Bc8 53.a6 Re8 54.Rb1 Rhe7 
55.Kg2 Re6 56.Qc5 Rxa6 57.Rb8 Bd7 58.Rb7 Kf6 59.Rb1 Qe5 60.Bd5 Rh8 61.Rh1 
Rxh1 62.Kxh1 Ra1+ 63.Kg2 Kg7 64.Rb2 Qe3 65.Rf2 Qg5+ 66.Kh3 f4+ 0-1

[Event "zonal 3.1 (w)"]
[Site "Sharjah UAE"]
[Date "2011.07.07"]
[Round "3"]
[White "Al-Khelaifi, Salama"]
[Black "Nouman, Amna"]
[Result "1-0"]
[WhiteElo "1757"]
[BlackElo "1725"]
[EventDate "2011.07.05"]
[Board "5"]
[PlyCount "55"]
[EventRounds "9"]
[EventCountry "UAE"]

1.d4 d5 2.Nc3 Nf6 3.Bg5 e6 4.Nf3 Be7 5.Bxf6 Bxf6 6.e4 b6 7.Bd3 Bb7 8.e5 
Be7 9.Ne2 c5 10.c3 Nc6 11.Rc1 Qd7 12.O-O O-O 13.Bb1 f5 14.exf6 Bxf6 15.Qd3
g6 16.Rfe1 e5 17.dxe5 Nxe5 18.Nxe5 Bxe5 19.Ng3 Bf4 20.Rcd1 Qf7 21.Re2 Rad8
22.Rde1 Rd7 23.Bc2 a6 24.Re6 Be5 25.R6xe5 Qxf2+ 26.Kh1 d4 27.Bb3+ Kh8 28.
Qf1 1-0

[Event "zonal 3.1 (w)"]
[Site "Sharjah UAE"]
[Date "2011.07.08"]
[Round "4"]
[White "Dahdal, Lugain"]
[Black "Nouman, Amna"]
[Result "0-1"]
[WhiteElo "1882"]
[BlackElo "1725"]
[EventDate "2011.07.05"]
[Board "1"]
[PlyCount "100"]
[EventRounds "9"]
[EventCountry "UAE"]

1.d4 d5 2.c4 e6 3.Nc3 Nf6 4.Bg5 Nbd7 5.e3 Be7 6.Nf3 c6 7.Bd3 O-O 8.Qc2 Re8
9.O-O Nf8 10.Ne5 Ng6 11.f4 dxc4 12.Bxc4 c5 13.Rad1 Qc7 14.Qe2 b6 15.Bxf6 
Bxf6 16.Ne4 Bb7 17.Nxf6+ gxf6 18.Nxg6 hxg6 19.dxc5 Qxc5 20.Rd4 Rac8 21.
Rfd1 Kg7 22.Bb3 Rc7 23.Qf2 Rec8 24.Qg3 Qf5 25.Qe1 Be4 26.Qb4 Bc2 27.Bxc2 
Rxc2 28.Rd7 Qg4 29.R7d2 Rc1 30.Qd4 Rxd1+ 31.Rxd1 Rc2 32.Rd2 Rc1+ 33.Kf2 
Qh4+ 34.Kf3 Rf1+ 35.Ke2 Re1+ 36.Kd3 Qxh2 37.Qd7 Qg1 38.Qd4 Qf1+ 39.Kc3 
Rc1+ 40.Kb3 Rc5 41.a3 Rd5 42.Qc3 Rc5 43.Qd3 Qc1 44.Rd1 Rb5+ 45.Qxb5 Qxd1+ 
46.Kc3 Qc1+ 47.Kd4 Qd2+ 48.Kc4 Qxe3 49.Qd7 Qxf4+ 50.Kc3 Qg3+ 0-1

[Event "zonal 3.1 (w)"]
[Site "Sharjah UAE"]
[Date "2011.07.08"]
[Round "4"]
[White "Hakimifard, Ghazal"]
[Black "Al-Khelaifi, Salama"]
[Result "1-0"]
[WhiteElo "2197"]
[BlackElo "1757"]
[EventDate "2011.07.05"]
[Board "2"]
[PlyCount "77"]
[EventRounds "9"]
[EventCountry "UAE"]

1.e4 c6 2.d4 d5 3.Nd2 dxe4 4.Nxe4 Nf6 5.Nxf6+ exf6 6.Bd3 Bd6 7.Ne2 O-O 8.
c3 Re8 9.Qc2 Kh8 10.Be3 Nd7 11.O-O-O Nf8 12.Kb1 b5 13.d5 Bd7 14.Nd4 cxd5 
15.Bxb5 Qa5 16.Bxd7 Nxd7 17.Nb3 Qb5 18.Qd3 Qxd3+ 19.Rxd3 Ne5 20.Rxd5 Nc4 
21.Bc1 Re2 22.Nd2 Nxd2+ 23.Rxd2 Re6 24.Rhd1 Be7 25.Rd7 Kg8 26.Be3 a6 27.
Kc2 g6 28.Ra7 Rf8 29.Rdd7 Re8 30.Rdb7 Bd8 31.b4 f5 32.Bc5 Rf6 33.Ra8 Rfe6 
34.Rbb8 Re2+ 35.Kb3 Rd2 36.Bd4 Kf8 37.Rxd8 Rxd8 38.Rxd8+ Ke7 39.Bf6+ 1-0

[Event "zonal 3.1 (w)"]
[Site "Sharjah UAE"]
[Date "2011.07.08"]
[Round "4"]
[White "Al-Zarouni, Kholoud Essa"]
[Black "Mouradian, Knarik"]
[Result "0-1"]
[WhiteElo "1853"]
[BlackElo "2186"]
[EventDate "2011.07.05"]
[Board "3"]
[PlyCount "58"]
[EventRounds "9"]
[EventCountry "UAE"]

1.e4 c5 2.c3 e6 3.Nf3 d5 4.exd5 exd5 5.Bb5+ Bd7 6.Bxd7+ Qxd7 7.d4 Nc6 8.
O-O Bd6 9.Re1+ Nge7 10.dxc5 Bxc5 11.Be3 Bd6 12.Nbd2 O-O 13.Nd4 Ne5 14.N2f3
Nc4 15.Qc2 Rac8 16.Rad1 b5 17.Bg5 f6 18.Bc1 Ne5 19.Qe2 b4 20.Qb5 Nxf3+ 21.
gxf3 Qh3 22.f4 bxc3 23.Rd3 Qh5 24.bxc3 Rfe8 25.Ne6 Ng6 26.Qd7 Bf8 27.Rg3 
Qf5 28.Rge3 Nxf4 29.Nxf8 Qg5+ 0-1

[Event "zonal 3.1 (w)"]
[Site "Sharjah UAE"]
[Date "2011.07.08"]
[Round "4"]
[White "Al-Rufei, Eman Hassane"]
[Black "Saleh, Nora Mohd"]
[Result "1-0"]
[WhiteElo "2160"]
[BlackElo "1911"]
[EventDate "2011.07.05"]
[Board "4"]
[PlyCount "81"]
[EventRounds "9"]
[EventCountry "UAE"]

1.e4 Nf6 2.e5 Nd5 3.d4 d6 4.Nf3 Bg4 5.Be2 e6 6.c4 Nb6 7.exd6 cxd6 8.b3 Be7
9.Bb2 O-O 10.O-O N8d7 11.a4 a5 12.Nc3 Nc8 13.Re1 Nf6 14.Rc1 b6 15.h3 Bxf3 
16.Bxf3 Rb8 17.Nb5 Qd7 18.g4 Na7 19.Ba3 Rfc8 20.d5 Nxb5 21.axb5 Ne8 22.
dxe6 fxe6 23.Bc6 Qd8 24.Rxe6 Nc7 25.Re2 Qf8 26.Qe1 Bf6 27.Rd1 Rd8 28.Rd3 
Bg5 29.Kg2 Kh8 30.Rf3 Qg8 31.Qd1 d5 32.Qc2 Ne6 33.Bxd5 Rxd5 34.Rxe6 Rd4 
35.Qe2 Rd7 36.Bb2 Rdd8 37.Qe5 Bd2 38.Re7 Re8 39.Qxg7+ Qxg7 40.Rxg7 Bb4 41.
Rg5+ 1-0

[Event "zonal 3.1 (w)"]
[Site "Sharjah UAE"]
[Date "2011.07.08"]
[Round "4"]
[White "Mir Mahmoud, Afamia"]
[Black "Ghaderpour, Shayesteh"]
[Result "0-1"]
[WhiteElo "1993"]
[BlackElo "2246"]
[EventDate "2011.07.05"]
[Board "5"]
[PlyCount "80"]
[EventRounds "9"]
[EventCountry "UAE"]

1.d4 Nf6 2.c4 e6 3.Nf3 c5 4.d5 b5 5.dxe6 fxe6 6.cxb5 a6 7.bxa6 Bxa6 8.g3 
Be7 9.Bg2 Nc6 10.O-O O-O 11.Nc3 d5 12.Bg5 Qb6 13.Qd2 Rad8 14.Bxf6 Bxf6 15.
Rac1 Qa5 16.Rfd1 Rfe8 17.h4 c4 18.Bh3 h6 19.Bg4 Bb7 20.a3 Qa6 21.Qc2 Na5 
22.Nd2 Qb6 23.Bf3 Rf8 24.Na4 Qc6 25.e3 Be7 26.Bg2 Bd6 27.Nc3 Qb6 28.Na4 
Qc7 29.Nf1 Nb3 30.Rb1 Bc6 31.Nc3 Qf7 32.Qe2 Qf6 33.Nd2 Nc5 34.Nxc4 dxc4 
35.Bxc6 Nd3 36.Rf1 Be5 37.Na4 Qg6 38.Kg2 Nxf2 39.Qxf2 Rxf2+ 40.Rxf2 Qxb1 
0-1

[Event "zonal 3.1 (w)"]
[Site "Sharjah UAE"]
[Date "2011.07.09"]
[Round "5"]
[White "Ghaderpour, Shayesteh"]
[Black "Dahdal, Lugain"]
[Result "1-0"]
[WhiteElo "2246"]
[BlackElo "1882"]
[EventDate "2011.07.05"]
[Board "1"]
[PlyCount "55"]
[EventRounds "9"]
[EventCountry "UAE"]

1.e4 c5 2.Nf3 Nc6 3.d4 cxd4 4.Nxd4 e5 5.Nb5 d6 6.N1c3 a6 7.Na3 Be6 8.Nc4 
Rb8 9.Ne3 Nf6 10.Ned5 Bxd5 11.exd5 Nd4 12.a4 Qa5 13.Bc4 Rc8 14.Bb3 b5 15.
O-O b4 16.Na2 Nxb3 17.cxb3 Qxd5 18.Nxb4 Qxd1 19.Rxd1 a5 20.Nd5 Ne4 21.b4 
axb4 22.a5 Nc5 23.a6 Nb3 24.Ra4 Nxc1 25.a7 f5 26.a8=Q Rxa8 27.Rxa8+ Kf7 
28.Rxc1 1-0

[Event "zonal 3.1 (w)"]
[Site "Sharjah UAE"]
[Date "2011.07.09"]
[Round "5"]
[White "Saleh, Nora Mohd"]
[Black "Mir Mahmoud, Afamia"]
[Result "0-1"]
[WhiteElo "1911"]
[BlackElo "1993"]
[EventDate "2011.07.05"]
[Board "2"]
[PlyCount "134"]
[EventRounds "9"]
[EventCountry "UAE"]

1.d4 d5 2.Nf3 Nf6 3.c4 e6 4.Nc3 Nbd7 5.e3 c6 6.Qc2 a6 7.b3 Bd6 8.Be2 O-O 
9.O-O Qe7 10.Bb2 e5 11.cxd5 e4 12.Ne1 cxd5 13.g3 Nb6 14.Qd1 Bh3 15.Ng2 Qd7
16.Re1 Qf5 17.Nf4 Bg4 18.Bxg4 Nxg4 19.h3 Nf6 20.Kg2 Rfe8 21.Rc1 g6 22.Nb1 
Rac8 23.Ba3 Bxa3 24.Nxa3 Rxc1 25.Qxc1 g5 26.Ne2 Qf3+ 27.Kf1 Rc8 28.Qd2 Nh5
29.Rc1 Re8 30.Nc2 Re6 31.Kg1 Rf6 32.Qe1 Ng7 33.Qf1 Ne8 34.g4 Rh6 35.Ng3 
Nd6 36.Nh5 Nf5 37.Ne1 Nxe3 38.Nxf3 Nxf1 39.Nxg5 Nd2 40.Rd1 Rg6 41.Rxd2 
Rxg5 42.Kh2 f5 43.Kg3 fxg4 44.hxg4 Rg6 45.Rc2 Rc6 46.Rxc6 bxc6 47.Kf4 Nd7 
48.f3 exf3 49.Kxf3 Kf7 50.Nf4 Kf6 51.Nd3 a5 52.Kf4 h6 53.a3 Ke6 54.g5 
hxg5+ 55.Kxg5 Kd6 56.b4 a4 57.Kf4 Nb6 58.Ne1 Nc4 59.Nc2 Ke6 60.Kg5 Kd6 61.
Kf6 Kc7 62.Ke7 Kb7 63.Kd8 Kb6 64.Kd7 Kb5 65.Kc7 Nxa3 66.Nxa3+ Kxb4 67.Nb1 
c5 0-1

[Event "zonal 3.1 (w)"]
[Site "Sharjah UAE"]
[Date "2011.07.09"]
[Round "5"]
[White "Mouradian, Knarik"]
[Black "Al-Rufei, Eman Hassane"]
[Result "1-0"]
[WhiteElo "2186"]
[BlackElo "2160"]
[EventDate "2011.07.05"]
[Board "3"]
[PlyCount "69"]
[EventRounds "9"]
[EventCountry "UAE"]

1.e4 e5 2.Bc4 Nc6 3.Nf3 Bc5 4.c3 Nf6 5.d3 d6 6.Bb3 a6 7.Nbd2 Be6 8.h3 Bxb3
9.Qxb3 O-O 10.O-O Nh5 11.Nc4 b5 12.Ne3 Nf4 13.Qd1 g6 14.d4 exd4 15.Nc2 Nh5
16.cxd4 Bb6 17.d5 Ne5 18.Nxe5 dxe5 19.Be3 Bxe3 20.Nxe3 Qh4 21.Ng4 Qg5 22.
Rc1 f5 23.exf5 Rxf5 24.d6 Nf4 25.dxc7 Rff8 26.Re1 h5 27.Rxe5 Nxh3+ 28.gxh3
Qf4 29.Qb3+ Kh8 30.Qc3 b4 31.Rxh5+ Kg8 32.Rh8+ Kf7 33.Rxf8+ Rxf8 34.Qb3+ 
Kg7 35.c8=Q 1-0

[Event "zonal 3.1 (w)"]
[Site "Sharjah UAE"]
[Date "2011.07.09"]
[Round "5"]
[White "Al-Khelaifi, Salama"]
[Black "Al-Zarouni, Kholoud Essa"]
[Result "1-0"]
[WhiteElo "1757"]
[BlackElo "1853"]
[EventDate "2011.07.05"]
[Board "4"]
[PlyCount "39"]
[EventRounds "9"]
[EventCountry "UAE"]

1.d4 d5 2.Nc3 Nf6 3.Bg5 e6 4.e4 Be7 5.Bxf6 Bxf6 6.Nf3 b6 7.Bd3 Ba6 8.Bxa6 
Nxa6 9.Qd3 Nb8 10.h4 O-O 11.e5 Be7 12.Ng5 g6 13.Nf3 c5 14.O-O-O Nc6 15.Ne2
Kg7 16.Qe3 Rc8 17.Nf4 Nb4 18.c3 cxd4 19.Nxd4 Nc6 20.Ndxe6+ 1-0

[Event "zonal 3.1 (w)"]
[Site "Sharjah UAE"]
[Date "2011.07.09"]
[Round "5"]
[White "Nouman, Amna"]
[Black "Hakimifard, Ghazal"]
[Result "0-1"]
[WhiteElo "1725"]
[BlackElo "2197"]
[EventDate "2011.07.05"]
[Board "5"]
[PlyCount "58"]
[EventRounds "9"]
[EventCountry "UAE"]

1.e4 c5 2.Nf3 e6 3.d4 cxd4 4.Nxd4 a6 5.Bd3 Bc5 6.Nb3 Ba7 7.Nc3 Nf6 8.O-O 
Nc6 9.Qe2 d6 10.Be3 b5 11.a3 O-O 12.h3 Bb7 13.Kh1 Ne5 14.Bxa7 Rxa7 15.f4 
Ng6 16.Qe3 Ra8 17.Rae1 Qc7 18.g4 d5 19.Kg1 dxe4 20.Nxe4 Nd5 21.Qc5 Rac8 
22.Qxc7 Rxc7 23.f5 exf5 24.Rxf5 Ngf4 25.Kh2 Bc8 26.Nd4 Bxf5 27.Nxf5 Nxd3 
28.cxd3 Rc2+ 29.Kg3 Rxb2 0-1

[Event "zonal 3.1 (w)"]
[Site "Sharjah UAE"]
[Date "2011.07.09"]
[Round "6"]
[White "Dahdal, Lugain"]
[Black "Hakimifard, Ghazal"]
[Result "0-1"]
[WhiteElo "1882"]
[BlackElo "2197"]
[EventDate "2011.07.05"]
[Board "1"]
[PlyCount "46"]
[EventRounds "9"]
[EventCountry "UAE"]

1.d4 d5 2.c4 dxc4 3.e3 e5 4.Bxc4 exd4 5.exd4 Nf6 6.Nf3 Bd6 7.Nc3 O-O 8.O-O
Nc6 9.h3 h6 10.Be3 Bf5 11.Rc1 a6 12.Re1 Re8 13.a3 Qd7 14.Ba2 Rad8 15.Qb3 
Na5 16.Qd1 Nc6 17.Qb3 Bxh3 18.gxh3 Qxh3 19.Qxf7+ Kh8 20.Bxh6 Rg8 21.Bg5 
Rdf8 22.Qg6 Ng4 23.Bd5 Bh2+ 0-1

[Event "zonal 3.1 (w)"]
[Site "Sharjah UAE"]
[Date "2011.07.09"]
[Round "6"]
[White "Al-Zarouni, Kholoud Essa"]
[Black "Nouman, Amna"]
[Result "1-0"]
[WhiteElo "1853"]
[BlackElo "1725"]
[EventDate "2011.07.05"]
[Board "2"]
[PlyCount "47"]
[EventRounds "9"]
[EventCountry "UAE"]

1.e4 e5 2.Nf3 Nc6 3.Bb5 a6 4.Bxc6 dxc6 5.d4 Bg4 6.dxe5 Qxd1+ 7.Kxd1 g6 8.
h3 Bd7 9.Bf4 Bg7 10.Nc3 Ne7 11.Bg5 h6 12.Bf6 Rh7 13.Ke2 Ng8 14.Bxg7 Rxg7 
15.Rhd1 h5 16.Rd2 Ne7 17.Rad1 O-O-O 18.Ng5 c5 19.e6 fxe6 20.Nxe6 Rgg8 21.
Nxd8 Rxd8 22.Ke3 Nc6 23.Nd5 Ne5 24.Ne7+ 1-0

[Event "zonal 3.1 (w)"]
[Site "Sharjah UAE"]
[Date "2011.07.09"]
[Round "6"]
[White "Mir Mahmoud, Afamia"]
[Black "Mouradian, Knarik"]
[Result "0-1"]
[WhiteElo "1993"]
[BlackElo "2186"]
[EventDate "2011.07.05"]
[Board "4"]
[PlyCount "54"]
[EventRounds "9"]
[EventCountry "UAE"]

1.d4 Nf6 2.c4 e6 3.Nf3 b6 4.g3 Ba6 5.b3 Bb4+ 6.Bd2 Be7 7.Nc3 d5 8.Bg2 c6 
9.Ne5 Nfd7 10.Nxd7 Nxd7 11.cxd5 cxd5 12.O-O O-O 13.Bc1 Rc8 14.Bb2 Bb4 15.
Rc1 Qe7 16.Rc2 Nf6 17.Qa1 Rc7 18.a3 Bd6 19.Rfc1 Rfc8 20.Kf1 h5 21.Rd2 h4 
22.Kg1 hxg3 23.hxg3 Ng4 24.Bf3 Qg5 25.Rcd1 Nxf2 26.Kxf2 Qxg3+ 27.Kf1 Qxf3+
0-1

[Event "zonal 3.1 (w)"]
[Site "Sharjah UAE"]
[Date "2011.07.09"]
[Round "6"]
[White "Ghaderpour, Shayesteh"]
[Black "Saleh, Nora Mohd"]
[Result "0-1"]
[WhiteElo "2246"]
[BlackElo "1911"]
[EventDate "2011.07.05"]
[Board "5"]
[PlyCount "111"]
[EventRounds "9"]
[EventCountry "UAE"]

1.e4 Nf6 2.e5 Nd5 3.d4 d6 4.Nf3 Bg4 5.Be2 e6 6.O-O Be7 7.c4 Nb6 8.b3 O-O 
9.exd6 cxd6 10.Nc3 Nc6 11.Be3 Bf6 12.Rc1 d5 13.c5 Nd7 14.b4 Bxf3 15.Bxf3 
Nxb4 16.Rb1 Nc6 17.Rxb7 Nxc5 18.Rb1 Nd7 19.Qa4 Rc8 20.Nb5 Nb6 21.Qa6 Nc4 
22.Rfc1 Qd7 23.Rd1 Bd8 24.Bf4 Bb6 25.Be2 N4a5 26.Nd6 Ra8 27.Bb5 Bc7 28.Nb7
Qc8 29.Bxc6 Bxf4 30.Qxa5 Qxc6 31.g3 Bc7 32.Qa3 Bb6 33.Nd6 Rfd8 34.Nb5 Qd7 
35.Nc3 h6 36.Rb3 e5 37.dxe5 Qf5 38.Nxd5 Qxf2+ 39.Kh1 Rxd5 40.Rbb1 Rxd1+ 
41.Rxd1 Re8 42.Qc3 Rxe5 43.g4 Re3 44.Qc8+ Kh7 45.Qf5+ Qxf5 46.gxf5 Ra3 47.
Rd2 Ra5 48.f6 gxf6 49.h4 Ra4 50.Rh2 h5 51.Rh3 Rxa2 52.Rf3 Bd4 53.Rf5 Kg6 
54.Rf3 Be5 55.Rf1 Ra1 56.Rg1+ 0-1